[Event "Challenge"]
[Site "http://www.queenalice.com/game.php?id=1497316"]
[Date "2017.10.3"]
[Round "-"]
[White "AlekinePb"]
[Black "Paulokarov"]
[Result "0-1"]
[WhiteElo "1945"]
[BlackElo "1982"]

1. d4 f5 2. c4 c6 3. Nc3 d5 4. Nf3 Nf6 5. Bg5 Nbd7 6. e3 e6 7. c5 Be7 8. b4 a6
9. Bd3 O-O 10. O-O Ne4 11. Bxe7 Qxe7 12. Rc1 g5 13. a4 g4 14. Bxe4 fxe4 15. Nd2
Nf6 16. b5 axb5 17. axb5 e5 18. b6 h5 19. f4 exd4 20. exd4 h4 21. g3 Bf5 22. Re1
Qh7 23. Nf1 Kg7 24. Ne3 Rh8 25. Ra1 Rxa1 26. Nxf5+ Qxf5 27. Qxa1 hxg3 28. hxg3
Qh5 29. Kf2 Qh2+ 30. Ke3 Qxg3+ 31. Kd2 Qd3+ 32. Kc1 Rh2 0-1

[Event "AUTO-ADV-3915"]
[Site "http://www.queenalice.com/game.php?id=1498387"]
[Date "2017.10.11"]
[Round "1"]
[White "Paulokarov"]
[Black "jagiellonczyk"]
[Result "1-0"]
[WhiteElo "2004"]
[BlackElo "2110"]

1. e4 e5 2. Nf3 Nc6 3. Bb5 a6 4. Ba4 Nf6 5. O-O Be7 6. Re1 d6 7. h3 Be6 8. c3
O-O 9. d4 Bd7 10. Bg5 Ne8 11. Bxe7 Qxe7 12. Nbd2 Nf6 13. Bc2 Qd8 14. Nf1 exd4
15. cxd4 Qc8 16. e5 dxe5 17. dxe5 Ne8 18. Ng3 Nb4 19. Bxh7+ Kxh7 20. Ng5+ Kg8
21. Qh5 Bf5 22. Nxf5 Qxf5 23. Re4 Qg6 24. Qxg6 fxg6 25. Rxb4 Rf5 26. Nf3 b6 27.
Rd1 Rb8 28. Re4 c5 29. b3 Kf7 30. e6+ Kf6 31. Rd7 Rc8 32. Rf7# 1-0

[Event "AUTO-ADV-3915"]
[Site "http://www.queenalice.com/game.php?id=1498388"]
[Date "2017.10.11"]
[Round "1"]
[White "jagiellonczyk"]
[Black "Paulokarov"]
[Result "0-1"]
[WhiteElo "2111"]
[BlackElo "2027"]

1. e4 d6 2. d4 Nf6 3. Nc3 g6 4. Nf3 Bg7 5. Bg5 O-O 6. Bd3 c6 7. O-O Nbd7 8. Re1
Qc7 9. a4 e5 10. dxe5 dxe5 11. a5 h6 12. Bd2 Kh7 13. b4 a6 14. Ne2 Nh5 15. c4
Nf4 16. Bxf4 exf4 17. Rb1 Nf6 18. e5 Nh5 19. Nc3 Re8 20. Qe2 Bg4 21. Ng5+ hxg5
22. Qxg4 Bxe5 23. Ne4 Kg7 24. Nxg5 Rad8 25. Red1 b6 26. axb6 Qxb6 27. c5 Qc7 28.
Bxa6 f5 29. Qf3 Qe7 30. Rxd8 Rxd8 31. h4 Kh6 32. Qxc6 Bf6 33. Qe6 Bxg5 34. hxg5+
Qxg5 35. c6 f3 36. Bf1 Nf4 37. Qe5 fxg2 38. Qb5 gxf1=Q+ 39. Kxf1 Qg2+ 40. Ke1
Qg1+ 41. Qf1 Nd3+ 42. Ke2 Qg4+ 43. f3 Qc4 44. b5 Qc2+ 45. Ke3 f4+ 46. Ke4 Qc4#
0-1

[Event "AUTO-ADV-3915"]
[Site "http://www.queenalice.com/game.php?id=1498389"]
[Date "2017.10.11"]
[Round "1"]
[White "Paulokarov"]
[Black "Paulsains"]
[Result "1-0"]
[WhiteElo "2010"]
[BlackElo "1951"]

1. e4 e5 2. Nf3 Nf6 3. d4 exd4 4. Nxd4 Nxe4 5. Bd3 Nc5 6. Be2 d6 7. Nc3 Be7 8.
Bf4 O-O 9. Qd2 Bd7 10. g4 Re8 11. O-O-O Nc6 12. Nf5 Bxf5 13. gxf5 Bf6 14. Bh5
Ne7 15. Bg4 Nc6 16. f3 h6 17. Kb1 a6 18. h4 Kh7 19. Nd5 Nd7 20. Bh5 Rf8 21. Rdg1
Nce5 22. Bg5 Nxf3 23. Bxf3 c6 24. Bxf6 Nxf6 25. Qg2 Rg8 26. Nf4 Qe8 27. a3 g6
28. fxg6+ fxg6 29. Be2 Rg7 30. Bd3 Kg8 31. Rh3 Rd8 32. Rg3 Rdd7 33. Nxg6 Nh5 34.
Rg4 Nf6 35. Rf4 Rdf7 36. Qd2 d5 37. Re1 Qd7 38. Ne5 1-0

[Event "AUTO-ADV-3915"]
[Site "http://www.queenalice.com/game.php?id=1498390"]
[Date "2017.10.11"]
[Round "1"]
[White "Paulsains"]
[Black "Paulokarov"]
[Result "1/2-1/2"]
[WhiteElo "1877"]
[BlackElo "2031"]

1. e4 d6 2. Nf3 Bg4 3. Be2 Nf6 4. d3 e5 5. O-O Nc6 6. Be3 Be7 7. h3 Be6 8. Nc3
h6 9. Nh2 Qd7 10. Bf3 a6 11. Nd5 g5 12. Nxf6+ Bxf6 13. Bg4 O-O-O 14. c4 Bg7 15.
Rb1 Rdf8 16. Bxe6 fxe6 17. b4 Nd4 18. Bxd4 exd4 19. a4 h5 20. b5 axb5 21. Rxb5
c6 22. Rxg5 e5 23. Rxh5 Rhg8 24. Qg4 Rf7 25. Qxd7+ Kxd7 26. Rb1 Ke6 27. Nf3 Bf6
28. h4 Ra8 29. Ra1 Ra5 30. Ng5+ Bxg5 31. Rxg5 b5 32. cxb5 cxb5 33. Rg6+ Kd7 34.
Rb1 Rxa4 35. Rxb5 Ra1+ 36. Kh2 Kc6 37. Rb2 Ra3 38. Rd2 Rc3 39. h5 Rh7 40. h6 Kc5
41. g4 d5 42. exd5 Kxd5 43. g5 Rc6 44. Rxc6 Kxc6 45. Re2 Kd5 46. Kg3 Ke6 47. Kg4
Rf7 48. f3 Rf4+ 49. Kg3 Rf5 50. Kg4 Rf4+ 51. Kg3 Rf5 52. Re4 Kf7 53. Rg4 Kg6 54.
h7 Kxh7 55. g6+ Kg7 56. f4 exf4+ 57. Rxf4 Kxg6 58. Rxd4 Rf1 59. Re4 Kf5 60. Re2
Rd1 61. Re3 Rd2 62. Kf3 Rd1 63. Ke2 Ra1 64. d4 Ra8 65. Kf3 Rd8 66. Re4 Rd5 67.
Ke3 Ra5 68. Rf4+ Ke6 69. Ke4 Ra4 70. Rf5 Rxd4+ 71. Kxd4 Kxf5 72. Kd5 1/2-1/2

[Event "AUTO-ADV-3915"]
[Site "http://www.queenalice.com/game.php?id=1498391"]
[Date "2017.10.11"]
[Round "1"]
[White "Paulokarov"]
[Black "renatomfelipe"]
[Result "1/2-1/2"]
[WhiteElo "2030"]
[BlackElo "1784"]

1. e4 e6 2. d4 c5 3. Nf3 cxd4 4. Nxd4 Nc6 5. Be3 Nxd4 6. Bxd4 d6 7. Nc3 e5 8.
Bxe5 dxe5 9. Qxd8+ Kxd8 10. O-O-O+ Kc7 11. Nb5+ Kc6 12. c4 a6 13. Nc3 Nf6 14. g3
Bg4 15. Be2 Bxe2 16. Nxe2 Bc5 17. f3 Rhd8 18. Nc3 Be3+ 19. Kc2 Bd4 20. Nd5 Nxd5
21. exd5+ Kc5 22. b3 b5 23. Kd3 g5 24. h4 h6 25. g4 bxc4+ 26. bxc4 f6 27. Rc1
Rab8 28. Rc2 Rb4 29. hxg5 hxg5 30. Rh7 Rd6 31. Rc7+ Kb6 32. Rf7 a5 33. Ke4 Kc5
34. Rc7+ Kb6 35. Rf7 Kc5 36. Rc7+ Kb6 37. Rf7 1/2-1/2

[Event "AUTO-ADV-3915"]
[Site "http://www.queenalice.com/game.php?id=1498392"]
[Date "2017.10.11"]
[Round "1"]
[White "renatomfelipe"]
[Black "Paulokarov"]
[Result "0-1"]
[WhiteElo "1765"]
[BlackElo "2022"]

1. e4 d6 2. d4 g6 3. Bc4 Bg7 4. c3 Nc6 5. h3 e6 6. Nf3 Nge7 7. Bg5 Qd7 8. Nbd2
a6 9. a4 b6 10. b4 Bb7 11. Bxe7 Qxe7 12. h4 h5 13. Qe2 Bh6 14. g3 Nd8 15. Qd3 f5
16. O-O Qg7 17. Ng5 Bxg5 18. hxg5 h4 19. Nf3 Bxe4 20. Qe3 hxg3 21. fxg3 d5 22.
Bd3 Nf7 23. Bxe4 dxe4 24. Ne1 Qh7 25. Kf2 Qh2+ 26. Ng2 Nd6 27. Rg1 Nc4 28. Qf4
O-O-O 29. Rh1 e3+ 0-1

[Event "Challenge"]
[Site "http://www.queenalice.com/game.php?id=1503050"]
[Date "2017.11.11"]
[Round "-"]
[White "Paulokarov"]
[Black "Regina1962"]
[Result "1/2-1/2"]
[WhiteElo "2017"]
[BlackElo "1912"]

1. e4 c5 2. Nf3 e6 3. d4 cxd4 4. Nxd4 Nf6 5. Nc3 Bb4 6. Bd2 Nc6 7. Nxc6 dxc6 8.
Bd3 e5 9. a3 Ba5 10. Qe2 O-O 11. h3 Be6 12. g4 h6 13. O-O-O b5 14. f4 Bxc3 15.
Bxc3 exf4 16. Bb4 Re8 17. Rhg1 g5 18. e5 Bd5 19. Rge1 a5 20. Bd6 Nd7 21. Bf5 Nb6
22. Qf2 Nc4 23. h4 Nxd6 24. exd6 Qxd6 25. hxg5 hxg5 26. Qh2 Qf6 27. Qh7+ Kf8 28.
Bd3 Qg7 29. Qf5 Rxe1 30. Rxe1 Re8 31. Rxe8+ Kxe8 32. Bxb5 Ke7 33. Bd3 Qf6 34.
Qc8 Qe6 35. Qc7+ Kf6 36. Qd8+ Qe7 37. Qxa5 Qe3+ 38. Qd2 Qg1+ 39. Qd1 Qe3+ 40.
Qd2 Qg1+ 41. Qd1 Qe3+ 42. Qd2 Qg1+ 43. Qd1 1/2-1/2

[Event "OS INCLIVES"]
[Site "http://www.queenalice.com/game.php?id=1523608"]
[Date "2018.4.15"]
[Round "-"]
[White "adelio"]
[Black "Paulokarov"]
[Result "0-1"]
[WhiteElo "1531"]
[BlackElo "2027"]

1. d4 d5 2. e4 f5 3. e5 e6 4. h4 c5 5. c3 Nc6 6. Be2 c4 7. h5 h6 8. Nf3 Bd7 9.
Nh4 Nge7 10. Ng6 Nxg6 11. hxg6 Be7 12. g4 fxg4 13. Bxg4 b5 14. Nd2 Qc7 15. Nf3
a5 0-1

[Event "OS INCLIVES"]
[Site "http://www.queenalice.com/game.php?id=1523609"]
[Date "2018.4.15"]
[Round "-"]
[White "Paulokarov"]
[Black "adelio"]
[Result "1-0"]
[WhiteElo "2027"]
[BlackElo "1531"]

1. e4 a6 2. d4 c5 3. Nf3 e6 4. Be2 Be7 5. d5 d6 6. c4 a5 7. O-O e5 8. Nc3 Nd7 9.
Be3 Ndf6 10. Nd2 h5 11. h4 Bg4 12. f3 Nd7 13. fxg4 hxg4 14. Bxg4 Ndf6 15. Bg5
Nxg4 16. Qxg4 1-0

[Event "Challenge"]
[Site "http://www.queenalice.com/game.php?id=1550344"]
[Date "2018.11.23"]
[Round "-"]
[White "fornery"]
[Black "Paulokarov"]
[Result "0-1"]
[WhiteElo "1820"]
[BlackElo "2080"]

1. e4 d6 2. Nc3 f6 3. Bb5+ c6 4. Bc4 Nd7 5. Bxg8 Rxg8 6. Qh5+ g6 7. Qxh7 Rg7 8.
Qh8 Ne5 9. f4 Nf7 10. Qh4 g5 11. fxg5 Rxg5 12. Qf2 Bg4 13. d3 Rg8 14. Be3 Qa5
15. Qg3 Rg7 16. Nf3 O-O-O 17. Ng5 Bh5 18. Qh4 Rxg5 19. Bxg5 Qxg5 20. Qh3+ Bg4
21. Qg3 Bh6 22. Qf2 Ne5 23. Ne2 Rg8 24. h4 Qd2+ 25. Kf1 Be3 26. Rd1 Qxd1+ 27.
Qe1 Bxe2# 0-1

[Event "Challenge"]
[Site "http://www.queenalice.com/game.php?id=1550345"]
[Date "2018.11.23"]
[Round "-"]
[White "Paulokarov"]
[Black "fornery"]
[Result "1-0"]
[WhiteElo "2061"]
[BlackElo "1814"]

1. e4 d5 2. Nf3 dxe4 3. Ng5 f6 4. Nxe4 Bf5 5. Bd3 Bxe4 6. Bxe4 Qd4 7. d3 Qb6 8.
Nd2 Qa5 9. Bxb7 c6 10. O-O Nh6 11. Qe2 Qc7 12. Bxa8 Nd7 13. Qe4 Ne5 14. Nc4 Nhg4
15. Nxe5 Nxe5 16. d4 Qc8 17. dxe5 Qxa8 18. Bf4 g5 19. Bg3 Bg7 20. exf6 Bxf6 21.
Bd6 Kf7 22. Ba3 Qb8 23. Rae1 e5 24. Qxc6 h5 25. Rd1 Re8 26. Rd7+ Be7 27. Qh6 Qb6
28. Qh7+ Ke6 29. Rxe7+ Rxe7 30. Qxe7+ Kd5 31. Rd1+ Ke4 32. Qxg5 1-0

[Event "AUTO-ADV-3915"]
[Site "http://www.queenalice.com/game.php?id=1556694"]
[Date "2019.1.14"]
[Round "2"]
[White "MarcosT"]
[Black "Paulokarov"]
[Result "1-0"]
[WhiteElo "1868"]
[BlackElo "2086"]

1. e4 d6 2. Nf3 e5 3. Bc4 h6 4. h3 Nf6 5. Nc3 c6 6. O-O Be7 7. a3 Be6 8. Bxe6
fxe6 9. d3 Nbd7 10. Re1 Qb6 11. b4 g5 12. Be3 c5 13. Na4 Qc7 14. bxc5 dxc5 15.
c3 b5 16. Nb2 Nf8 17. d4 exd4 18. cxd4 Rd8 19. e5 Nd5 20. Qe2 c4 21. Rac1 Ng6
22. Nh2 Bxa3 23. Nd3 Bxc1 24. Nxc1 b4 25. Qh5 Qg7 26. Ne2 Rd7 27. Ng4 Rf7 28.
Nf6+ Nxf6 29. exf6 Qxf6 30. d5 e5 31. Ng3 Kf8 32. Ne4 Qa6 33. Bc5+ Kg7 34. Nd6
Rff8 35. Ne4 b3 36. Bxf8+ Rxf8 37. Nc5 Qd6 38. Ne6+ Kh7 39. Nxf8+ Qxf8 40. Qg4
Qd6 41. Qxc4 Qb6 42. Rb1 b2 43. Qc2 Qd4 44. Rxb2 Qxd5 45. Qc7+ Kg8 46. Rb7 Qxb7
47. Qxb7 a5 48. Qa8+ Kf7 49. Qxa5 h5 50. g3 Kf6 51. Qb6+ Kf5 52. g4+ hxg4 53.
hxg4+ Kxg4 54. Qxg6 1-0

[Event "AUTO-ADV-3915"]
[Site "http://www.queenalice.com/game.php?id=1556695"]
[Date "2019.1.14"]
[Round "2"]
[White "Paulokarov"]
[Black "MarcosT"]
[Result "1-0"]
[WhiteElo "2046"]
[BlackElo "1969"]

1. e4 c5 2. Nf3 Nc6 3. d4 cxd4 4. Nxd4 Nf6 5. Nc3 Nxd4 6. Qxd4 e6 7. Bc4 b6 8.
Bg5 Be7 9. Bxf6 Bxf6 10. e5 Bg5 11. Ne4 Bb7 12. Nd6+ Ke7 13. Nxb7 Qc7 14. Qd6+
Qxd6 15. Nxd6 f6 16. Ne4 Bh6 17. exf6+ gxf6 18. Bb3 f5 19. Ng3 Bg7 20. O-O-O h5
21. Rhe1 h4 22. Nxf5+ Kf6 23. Nxg7 Kxg7 24. Rxd7+ 1-0

[Event "AUTO-ADV-3915"]
[Site "http://www.queenalice.com/game.php?id=1556698"]
[Date "2019.1.14"]
[Round "2"]
[White "mascarade"]
[Black "Paulokarov"]
[Result "0-1"]
[WhiteElo "1899"]
[BlackElo "2067"]

1. Nf3 Nf6 2. d4 d5 3. g3 g6 4. Bg2 Bg7 5. O-O O-O 6. c3 Re8 7. Na3 Nbd7 8. Qc2
c6 9. Nh4 e5 10. dxe5 Nxe5 11. Bf4 Nfd7 12. Nf3 Qe7 13. Nxe5 Nxe5 14. Bxe5 Qxe5
15. Rfe1 Bf5 16. Qd1 Rad8 17. Qa4 a6 18. Rad1 Bf8 19. Nc2 b5 20. Qb3 a5 21. a4
bxa4 22. Qxa4 c5 23. e4 dxe4 24. Rxd8 Rxd8 25. Bxe4 Rd2 26. Bg2 Qf6 27. Ne3 Bd7
0-1

[Event "AUTO-ADV-3915"]
[Site "http://www.queenalice.com/game.php?id=1556699"]
[Date "2019.1.14"]
[Round "2"]
[White "Paulokarov"]
[Black "mascarade"]
[Result "1-0"]
[WhiteElo "2076"]
[BlackElo "1919"]

1. e4 e5 2. Nf3 d6 3. d4 exd4 4. Nxd4 Bd7 5. Nc3 Nc6 6. Bf4 Nf6 7. Qd2 Nxd4 8.
Qxd4 Nh5 9. Be3 Be7 10. Be2 Bf6 11. Qd2 Bxc3 12. Qxc3 Nf6 13. Bf3 c6 14. h3 Be6
15. O-O O-O 16. Rad1 Qc8 17. Bg5 Nd7 18. Rd2 Qc7 19. Rfd1 Ne5 20. Be2 f6 21. Bh4
Rad8 22. Bg3 Nf7 23. f4 Qe7 24. b3 a6 25. Qe3 c5 26. c4 Bd7 27. Bf3 Bc6 28. Bh4
Qc7 29. g4 Nh8 30. f5 g6 31. Bg3 Nf7 32. h4 Qe7 33. Bf4 Ne5 34. Bxe5 fxe5 35.
Qg5 Rf6 36. h5 Be8 37. hxg6 hxg6 38. Bg2 Kf7 39. Qh4 Qf8 40. g5 1-0

[Event "AUTO-ADV-3915"]
[Site "http://www.queenalice.com/game.php?id=1556700"]
[Date "2019.1.14"]
[Round "2"]
[White "Profnabor"]
[Black "Paulokarov"]
[Result "0-1"]
[WhiteElo "1923"]
[BlackElo "2059"]

1. e4 d6 2. Nf3 e5 3. d4 exd4 4. Nxd4 Nf6 5. Nc3 Be7 6. Bd3 Nbd7 7. O-O O-O 8.
f4 Nc5 9. Be3 a6 10. a3 Re8 0-1

[Event "Challenge"]
[Site "http://www.queenalice.com/game.php?id=1561139"]
[Date "2019.2.16"]
[Round "-"]
[White "Lapoule"]
[Black "Paulokarov"]
[Result "1-0"]
[WhiteElo "2039"]
[BlackElo "2101"]

1. e4 d6 2. Bc4 e6 3. Nc3 c5 4. d4 cxd4 5. Qxd4 Nf6 6. e5 dxe5 7. Qxd8+ Kxd8 8.
Bg5 Bb4 9. O-O-O+ Ke7 10. Ne4 Nd7 11. c3 Ba5 12. Nf3 a6 13. Rd2 b5 14. Bb3 Bb7
15. Rhd1 Rhd8 16. Nd6 Bxf3 17. gxf3 h6 18. Bxf6+ Nxf6 19. Nb7 Rxd2 20. Rxd2 b4
21. Nxa5 bxc3 22. Nc6+ Ke8 23. bxc3 Nd7 24. Ba4 Nb6 25. Bb3 Rc8 26. Rd6 Nd7 27.
Kd2 Nc5 28. Nxe5 Ke7 29. Rd4 g5 30. Bd1 f6 31. Nd3 Nb7 32. f4 f5 33. Bf3 Nd6 34.
Ra4 g4 35. Bg2 a5 36. Kc2 Nb5 37. Rxa5 Nxc3 38. Kd2 h5 39. Ne5 Nb1+ 40. Ke3 Rc7
41. a4 h4 42. Bc6 Nc3 43. Kd2 Nd5 44. Bxd5 exd5 45. Rxd5 h3 46. Rd7+ Rxd7+ 47.
Nxd7 Kxd7 48. Kd3 Kd6 49. Kd4 g3 50. fxg3 Kc6 51. Ke5 Kc5 52. Kxf5 Kb4 53. Kg4
1-0

[Event "Challenge"]
[Site "http://www.queenalice.com/game.php?id=1561140"]
[Date "2019.2.16"]
[Round "-"]
[White "Paulokarov"]
[Black "Lapoule"]
[Result "1-0"]
[WhiteElo "2086"]
[BlackElo "2054"]

1. e4 e5 2. Nf3 Nc6 3. Bb5 Nge7 4. c3 b6 5. O-O d6 6. h3 a6 7. Ba4 b5 8. Bc2 Ng6
9. d4 exd4 10. cxd4 Be7 11. a3 Nh4 12. Nbd2 Bf6 13. Re1 Nxd4 14. Nxd4 Bxd4 15.
Nf3 Nxf3+ 16. Qxf3 Bb7 17. Rb1 Be5 18. b4 Qh4 19. Bb2 O-O 20. Bb3 Rae8 21. Bd5
Bc8 22. Bxe5 dxe5 23. Rbc1 Re7 24. Rc3 Kh8 25. Rec1 f6 26. Rxc7 Rxc7 27. Rxc7
Qg5 28. Kh2 h5 29. Qc3 Bxh3 30. Qxh3 g6 31. g3 Qd2 32. Kg2 f5 33. Qh4 fxe4 34.
Bf7 Kg7 35. Qe7 e3 36. Bc4+ Kh6 37. Qxf8+ Kg5 38. Bf1 Qa2 39. Qf3 Qxa3 40. Rc5
Qxb4 41. Rxe5+ Kh6 42. Qxe3+ Kg7 43. Re7+ Kf8 44. Ra7 Qd6 45. Qh6+ Ke8 46. Qh8+
Qf8 47. Qe5+ Kd8 48. Qb8# 1-0

[Event "Challenge"]
[Site "http://www.queenalice.com/game.php?id=1567379"]
[Date "2019.4.12"]
[Round "-"]
[White "sallesandre88"]
[Black "Paulokarov"]
[Result "1-0"]
[WhiteElo "2180"]
[BlackElo "2065"]

1. e4 d6 2. Nf3 e5 3. Bc4 h6 4. Nc3 Nf6 5. d3 c6 6. O-O Bg4 7. h3 Bh5 8. d4 exd4
9. Qxd4 Bxf3 10. gxf3 Nbd7 11. Bf4 Nb6 12. Bb3 Qd7 13. e5 dxe5 14. Qxe5+ Qe7 15.
Qa5 Kd7 16. Rad1+ Nfd5 17. Nxd5 cxd5 18. Bxd5 Nxd5 19. Rxd5+ Kc8 20. Qc3+ 1-0

[Event "Challenge"]
[Site "http://www.queenalice.com/game.php?id=1572221"]
[Date "2019.5.25"]
[Round "-"]
[White "Paulokarov"]
[Black "moonspell"]
[Result "0-1"]
[WhiteElo "2083"]
[BlackElo "2033"]

1. e4 d6 2. d4 Nf6 3. Nc3 Nbd7 4. f4 e5 5. Nf3 exd4 6. Nxd4 g6 7. Bd3 Bg7 8. Qe2
O-O 9. Bd2 Re8 10. O-O-O Nc5 11. h3 Nfxe4 12. Nxe4 Nxe4 13. Bxe4 Bxd4 0-1